000 00577nam a2200181Ia 4500
008 140925s9999 xx 000 0 und d
020 _a1744-6163
100 _aPearson, Geraldine S.
245 _aPerspectives in Psychiatric Care /
_cGeraldine S. Pearson.
_h[electronic resource]
260 _bJohn Wiley & Sons, Inc.,
_cc2013.
516 _aElectronic text
650 _aNursing.
650 _aPsychiatric care.
830 _aJohn Wiley & Sons, Inc.
856 _uhttp://onlinelibrary.wiley.com/journal/10.1111/%28ISSN%291744-6163
942 _cEJ
999 _c275682
_d275682